Central Library OPAC University of Rajshahi

The humbler creation / (Record no. 83268)

MARC details
000 -LEADER
fixed length control field 00576nam a2200205 a 4500
001 - CONTROL NUMBER
control field 83268
003 - CONTROL NUMBER IDENTIFIER
rucl marc code BD-RjUL
005 - DATE AND TIME OF LATEST TRANSACTION
control field 20240307152313.0
008 - FIXED-LENGTH DATA ELEMENTS--GENERAL INFORMATION
fixed length control field 240307t19601959enk 000 0 eng d
035 ## - SYSTEM CONTROL NUMBER
System control number (BD-RjUL)83268
040 ## - CATALOGING SOURCE
Original cataloging agency NNL
Language of cataloging eng
Transcribing agency BD-RjUL
041 ## - LANGUAGE CODE
Language code of text/sound track or separate title eng
082 ## - DEWEY DECIMAL CLASSIFICATION NUMBER
Edition number 23
Classification number 823
Author mark and year JOH 1960
100 1# - MAIN ENTRY--PERSONAL NAME
Personal name Johnson, Pamela Hansford,
Dates associated with a name 1912-1981
9 (RLIN) 12136
245 14 - TITLE STATEMENT
Title The humbler creation /
Statement of responsibility, etc. by Pamela Hansford Johnson.
260 ## - PUBLICATION, DISTRIBUTION, ETC. (IMPRINT)
Place of publication, distribution, etc. London :
Name of publisher, distributor, etc. Macmillan & co. ltd.,
Date of publication, distribution, etc. 1960, c1959.
300 ## - PHYSICAL DESCRIPTION
Pagination 345 pages ;
Size 20 cm.
650 ## - SUBJECT ADDED ENTRY--TOPICAL TERM
Topical term or geographic name as entry element English fiction
942 ## - ADDED ENTRY ELEMENTS (KOHA)
Source of classification or shelving scheme Dewey Decimal Classification
Koha item type Books
Holdings
Lost status Source of classification or shelving scheme Damaged status Not for loan Collection code Permanent Location Current Location Shelving location Date acquired Total Checkouts Full call number Date last seen Copy number Koha item type
  Dewey Decimal Classification   Not For Loan Fiction Central Library, University of Rajshahi Central Library, University of Rajshahi Reading Room 07/03/2024   823 JOH 1960 07/03/2024 C-1 Books